00599cam a22001577a 4500008004000000082001800040100002100058245004600079260005100125300001300176440002200189500008700211650003400298999001900332952009000351180718b1952 xxu||||| |||| 00| 0 eng d aI5516x73 In8c aKaufman, Herbert aGotham in the air agecby Herbert Kaufman aNew YorkbPolygraphic Company of Americac1952 a146-197p aOPAC case studies aInter-university case program: cases in public administration and policy formation aInter-university case program c500374d500374 00104070aIIPAbIIPAd2018-08-04oI5516x73 In8cpGR4914r2018-08-04w2018-08-04yGR